Name the Iron Man Movies - Statistics

General Stats
  • This quiz has been taken 94 times
    48 since last reset
  • The average score is 8 of 10
Answer Stats
Year Movie % Correct
2008 Iron Man
100%
2010 Iron Man 2
100%
2013 Iron Man 3
98%
2012 The Avengers
85%
2018 Avengers: Infinity War
80%
2019 Avengers: Endgame
78%
2015 Avengers: Age of Ultron
73%
2016 Captain America: Civil War
70%
2008 The Incredible Hulk
68%
2017 Spider-Man: Homecoming
63%
No matching quizzes found
Score Distribution
Percent of People with Each Score
Percentile by Number Answered
Your Score History
You have not taken this quiz since the last reset